| Tag |
First Indicator |
Second Indicator |
Subfields |
| LEADER |
00000cam a2200000 4500 |
| 001 |
in00000272821 |
| 005 |
20151010061110.0 |
| 008 |
740903s1958 ksua b s00000 eng d |
| 010 |
|
|
|a 59062750
|
| 035 |
|
|
|a (OCoLC)00995957
|
| 035 |
|
|
|9 ABD4666AM
|
| 040 |
|
|
|c DRB
|d TXA
|d UtOrBLW
|
| 049 |
|
|
|a TXAM
|c [327821]
|
| 090 |
|
|
|a QH1
|b .K27 v.11:no.1-10
|
| 100 |
1 |
|
|a Fitch, Henry S.
|q (Henry Sheldon),
|d 1909-2009.
|
| 245 |
1 |
0 |
|a Home ranges, territories, and seasonal movements of vertebrates of the Natural History Reservation.
|
| 264 |
|
1 |
|a Lawrence :
|b Universtiy of Kansas,
|c 1958.
|
| 300 |
|
|
|a 65-326 pages :
|b illustrations
|
| 336 |
|
|
|a text
|b txt
|2 rdacontent
|
| 337 |
|
|
|a unmediated
|b n
|2 rdamedia
|
| 338 |
|
|
|a volume
|b nc
|2 rdacarrier
|
| 490 |
1 |
|
|a University of Kansas publications. Museum of Natural History. [Publications] v.11, no.3
|
| 504 |
|
|
|a Bibliography: pages 322-326.
|
| 650 |
|
0 |
|a Zoology
|z Kansas.
|
| 650 |
|
0 |
|a Animal ecology.
|
| 650 |
|
0 |
|a Animal behavior.
|
| 830 |
|
0 |
|a Publications (University of Kansas. Museum of Natural History) ;
|v v. 11, no. 3.
|
| 999 |
|
|
|a MARS
|
| 999 |
f |
f |
|s 22614afb-fada-3775-91b5-d8ff468f35a3
|i 6ad966f4-1934-33c4-bb8c-bc0bcc9497b9
|t 0
|
| 952 |
f |
f |
|p normal
|a Texas A&M University
|b College Station
|c Sterling C. Evans Library
|d Evans: Library Stacks
|t 0
|e QH1 .K27 v.11:no.1-10
|h Library of Congress classification
|i unmediated -- volume
|m A14804813698
|
| 952 |
f |
f |
|a Texas A&M University
|b College Station
|c Sterling C. Evans Library
|d Evans: Library Stacks
|t 0
|e QH1 .K27 v.11:no.1-10
|h Library of Congress classification
|
| 998 |
f |
f |
|a QH1 .K27 v.11:no.1-10
|t 0
|l Evans: Library Stacks
|